Жилые здания. 1979, Вып.2: Проектирование студенческих общежитий (Запись № 2016641)

Подробности
000 -МАРКЕР
контрольное поле 01385nam2a22002531 4500
001 - ИДЕНТИФИКАТОР ЗАПИСИ
контрольное поле RU\NLR\INFOCOMM31\1000029038
005 - ИДЕНТИФИКАТОР ВЕРСИИ
контрольное поле 20250617040451.0
035 ## - ДРУГИЕ СИСТЕМНЫЕ НОМЕРА
Идентификатор записи (NLR Aleph) 002433564
100 ## - ДАННЫЕ ОБЩЕЙ ОБРАБОТКИ
Данные общей обработки 20040306d1979 |||y0rusy50 ca
101 0# - ЯЗЫК РЕСУРСА
Язык текста, звукозаписи и т.д. русский
102 ## - СТРАНА ПУБЛИКАЦИИ ИЛИ ПРОИЗВОДСТВА
Страна публикации Российская Федерация
105 ## - ПОЛЕ КОДИРОВАННЫХ ДАННЫХ: ТЕКСТОВЫЕ МАТЕРИАЛЫ, МОНОГРАФИЧЕСКИЕ
Кодированные данные о монографическом текстовом документе y |||||||||
200 1# - ЗАГЛАВИЕ И СВЕДЕНИЯ ОБ ОТВЕТСТВЕННОСТИ
Основное заглавие Проектирование студенческих общежитий
Первые сведения об ответственности Р.П. Абрамова
210 ## - ПУБЛИКАЦИЯ, РАСПРОСТРАНЕНИЕ И ДР.
Дата издания, распространения и т.д. 1979
Место издания, распространения и т.д. Б. м.
461 #0 - УРОВЕНЬ НАБОРА
Встроенное поле 001RU\NLR\INFOCOMM31\1000029010
-- 2001#$aЖилые здания$fГос. ком. по гражд. стр-ву и архитектуре при Госстрое СССР. Центр науч.-техн. информации по гражд. стр-ву и архитектуре$v1979, Вып.2
Системный номер (АБИС) связанной записи 2016408
Место публикации М.
Дата публикации 1977-
Первые сведения об ответственности Гос. ком. по гражд. стр-ву и архитектуре при Госстрое СССР. Центр науч.-техн. информации по гражд. стр-ву и архитектуре
Заглавие Жилые здания
Номер тома 1979, Вып.2
700 #1 - ИМЯ ЛИЦА - ПЕРВИЧНАЯ ОТВЕТСТВЕННОСТЬ
Код отношения Автор
Графика поля Кириллица
Материалы, к которым относится поле rus
Начальный элемент ввода Абрамова
Часть имени, кроме начального элемента ввода Р. П.
Дополнения к именам, кроме дат канд. архитектуры, облицовка
Даты 1930-
Расширение инициалов личного имени Рената Павловна
Системный номер авторитетной/нормативной записи 235056
Идентификатор авторитетной/нормативной записи RU\NLR\AUTH\770235112
801 #1 - ИСТОЧНИК ЗАПИСИ
Страна Российская Федерация
Организация InfoComm
Дата составления 20040306
801 #0 - ИСТОЧНИК ЗАПИСИ
Страна Российская Федерация
Организация NLR
Правила каталогизации PSBO
852 ## - МЕСТОНАХОЖДЕНИЕ И ШИФР ХРАНЕНИЯ
Идентификатор организации NLR
Шифр хранения (Call Number) П31/382
942 ## - ДОПОЛНИТЕЛЬНЫЕ ЭЛЕМЕНТЫ ЗАПИСИ (АБИС)
Тип экземпляра АБИС Выпуск
980 ## - КОЛЛЕКЦИЯ
Название коллекции Национальная библиография
980 ## - КОЛЛЕКЦИЯ
Название коллекции Русская периодика

Нет доступных экземпляров.